000 00710cam a22002293a 4500
001 18031
003 PGUSA
005 20140828083402.0
008 060320s2006||||xxu|||||s|||||000 | eng d
040 _aPGUSA
_beng
042 _adc
050 4 _aDS
100 1 _aMaxwell, Donald,
_d1877-1936
245 1 2 _aA Dweller in Mesopotamia :
_bBeing the Adventures of an Official Artist in the Garden of Eden
_h[electronic resource] /
_cDonald Maxwell
260 _bProject Gutenberg,
_c2006
506 _aPublic domain in the USA.
516 _aElectronic text
653 _aIraq -- Description and travel
830 0 _aProject Gutenberg
_v18031
856 4 0 _uhttp://www.gutenberg.org/ebooks/18031
942 _cEB
999 _c247286
_d247286